000 00687nam a2200229 i 4500
001 C2-0296854
003 PPAK
005 20180728075151.0
008 090427s2008 my |||| ||||| | zxx d
020 _a9789834600945
040 _aPPAK
_beng
_cPPAK
_erda
082 0 4 _a610.3
_223
090 0 0 _a610.3
_bGLO
_dR
245 0 0 _aGlosari perubatan umum :
_bbahasa Inggeris-bahasa Melayu-huraian-bahasa Melayu-bahasa Inggeris
264 1 _aKuala Lumpur :
_bDewan Bahasa dan Pustaka ,
_c2008
300 _axv, 117 pages ;
_c22 cm
336 _2rdacontent
_atext
337 _2rdamedia
_aunmediated
338 _2rdacarrier
_avolume
650 1 0 _aMedicine - Dictionaries
942 _ddc
_cB
999 _c101274
_d101274